000 01321cam a2200181 4500500
005 20251228094924.0
041 _afre
042 _adc
100 1 0 _aDufour, Sylvette
_eauthor
245 0 0 _aVitre, porte et écran
260 _c2010.
500 _a6
520 _aLe déplacement du regard du Grand Verre vers cette autre surface transparente qu’est l’écran de TV montre l’attraction voyeuriste exercée par les secrets voilés/dévoilés, établissant ainsi un lien entre l’œuvre picturale de Duchamp et les série américaines contemporaines.
520 _aShifting the gaze from The Large Glass to the television screen – that other transparent surface – points to the voyeuristic attraction of [un]veiled secrets, establishing a link between Duchamp’s work and contemporary American television serials.
520 _aAo deslocarmos o olhar do Grand Verre para esse outra superfície transparente do ecrã de televisão, sentimos a atracção voyeurista exercida por todos esses segredos (des)vendados, estabelecendo-se assim uma insólita relação entre a obra pictórica de Duchamp e as séries americanas contemporâneas.
786 0 _nSigila | 25 | 1 | 2010-03-01 | p. 95-100 | 1286-1715
856 4 1 _uhttps://shs.cairn.info/revue-sigila-2010-1-page-95?lang=fr&redirect-ssocas=7080
999 _c1605041
_d1605041